=LDR 00000nam 2200000 4500 =001 NUTBA000000000001808 =005 20200819124735 =035 ##$$a 0010-051400000000273 =008 200819################g##########0#ind## =020 ##$$a 978-979-18987-4-4 =082 ##$$a 2x9.2 =100 1#$$a Adduwaisy, Muhammad bin Abdullah =245 1#$$a Biografi generasi muda /$c Muhammad bin Abdullah Ad-Duwaisy =250 ##$$a cet.1 =260 ##$$a Solo :$b Zam zam,$c 2009 =300 ##$$a 259 hlm ; $c 14x21 cm =084 ##$$a 2x9.2 ADD b =650 #4$$a Biografi khulafaurrasidin =990 ##$$a 20900706 =990 ##$$a 20900705 =990 ##$$a 20900708 =990 ##$$a 20900707 =990 ##$$a 20900706 =990 ##$$a 20900705 =990 ##$$a 20900708 =990 ##$$a 20900707